| 000 | 00570nam a2200205Ia 4500 | ||
|---|---|---|---|
| 005 | 20260429112129.0 | ||
| 008 | 260429s9999||||xx |||||||||||||| ||und|| | ||
| 020 | _a9788131270400 | ||
| 041 | _aEnglish | ||
| 082 |
_a616.92 _bNAG |
||
| 100 | _aNagoba, B. S. | ||
| 245 | 0 |
_aMedical microbiology and parasitology : _bprep manual for undergraduates / _cB. S. Nagoba |
|
| 250 | _a5th ed. | ||
| 260 |
_aNew Delhi : _bElsevier, _c2025. |
||
| 300 | _axviii, 694 p.; pbk | ||
| 650 | _a Parasitology | ||
| 650 | _aMicrobiology | ||
| 700 | _a Pichare, Asha | ||
| 942 | _cTB | ||
| 999 |
_c52504 _d52504 |
||